006180000a220008500045001000017000002450074000173000047000915200349001387730045004871 aCala, Felipe10aElogio de la impostura : Cómo hablar de libros sin haberlos leído aVol.0, núm.19 (Abril, 2007), Página 18 aSu nombre es Pierre Bayard. Es francés y publicó un libro dirigido a escandalizar a la academia parisina. ¿Su tesis? se puede hablar, comentar y hasta disertar sobre temas desconocidos pues la lectura no es una obligación. Bayard es el fenómeno de ventas de la temporada en Europa y los ataques en su contra no se han hecho esperar.0 tArcadia / Andrés Felipe Solano, Editor